00531nam a2200193 a 450000100060000000300090000600800410001502000150005604000280007108200220009910000180012124500380013926000370017730000100021449000310022465000280025565000300028365000240031317253CO-ViMGA141112s2004 ck r 000 u spa d a958700096X aCO-ViMGAbspacCO-ViMGA04aMEVIGAELA.6 D124d1 aDackar, Henry10aDiseño : bElementos multimedia aBogotá, cHenry Dackar, c2002 a95.p. aDiseño básico integral14aDISEÑO POR COMPUTADOR14aMULTIMEDIA POR COMPUTADOR14aSISTEMAS MULTIMEDIA